| 000 | 00728nam a2200217 a 4500 | ||
|---|---|---|---|
| 005 | 20210219160417.0 | ||
| 008 | 081107s2000 mx r 000 0 spa d | ||
| 035 | _aUPN01000165168 | ||
| 049 | _aUNE | ||
| 080 | _aOC 651.5 (100)=20 "1996" VAN. | ||
| 100 | 1 | _aVan der Hoeven, Hans | |
| 245 | 1 | 0 | _aMemory of the world: Lost memory-libraries and archives destroyed in the twentieth century/ by Hans Van der Hoeven; Joan Van Albada. |
| 260 | _aParis : UNESCO, 1996. | ||
| 300 | _aii, 70 p. | ||
| 440 | 0 | _aCII-96/WS/1 | |
| 690 | _aArchivos- Eliminacion de registros | ||
| 700 | 1 | _aVan Albada, Joan | |
| 710 | 2 | _aPGI. Programa General de Información y UNISIST | |
| 710 | 2 | _aPrograma Memoria del Mundo | |
| 905 | _aUNESCO | ||
| 999 |
_c137280 _d137280 |
||